• 首页
  • 本馆介绍
  • 公告通知
  • 最新文献
  • 馆藏检索
  • 电子资源
  • 读者导购
  • 参考咨询
  • 我的图书馆
  • 登录
  • 详细信息显示
  • 放入我的书架
  • 预约/预借图书
  • 作者相关作品
  • 分类相关作品
  • 丛书相关作品
  • 出版社相关作品

书目信息

  • 表格格式
  • 工作单格式
  • 卡片格式
题名:
书架的故事
    
 
作者: 彼得洛斯基 著 ;冯丁妮 译
分册:  
出版信息: 海口   海南出版社  2002
页数: 305页
开本: 20cm
丛书名:
单 册:
中图分类: G258.93
科图分类:
主题词: 图书馆设备
电子资源:
ISBN: 7-5443-0446-9
000 00698nam2 2200229 45
001 0410261097
005 20041028103032.0
010    @a7-5443-0446-9@dCNY25.00
100    @a20041026d2002 km y0chiy0120 ea
101 0  @achi@ceng
105    @af z 000yy
200 1  @a书架的故事@AShu Jia De Gu Shi@f( 美)亨利·彼得洛斯基著@F(Mei)Heng Li·Bi De Luo Si Ji Zhu@g冯 丁妮译
210    @a海口@c海南出版社@d2002
215    @a305页@c图版@d20cm
300    @a附录:排序
410    @1700 0@a冯丁妮@AFeng Ding Ni@4主编
606 0  @a图书馆设备
690    @aG258.93@v4
701  0 @a彼得洛斯基@4著
702  0 @a冯丁妮@AFeng Ding Ni@4译
801    @aCN@bTSTCL@c20041026
905    @b336125-129@dG258.93@e13@f5
    
    书架的故事/( 美)亨利·彼得洛斯基著/冯 丁妮译.-海口:海南出版社,2002
    305页:图版;20cm
    附录:排序
    
    ISBN 7-5443-0446-9:CNY25.00
    
●
相关链接 在E读中查询图书 在五车中查询图书 在当当中查询图书 在豆瓣中查询图书


正题名:书架的故事     索取号:G258.93/13         预约/预借

序号 登录号 条形码 馆藏地/架位号 状态 备注
1 0336125   203361254   第四借阅区/ [索取号:G258.93/13] 在馆    
2 0336126   203361263   第四借阅区/ [索取号:G258.93/13] 在馆    
3 0336127   203361272   第四借阅区/ [索取号:G258.93/13] 在馆    
4 0336128   203361281   第四借阅区/ [索取号:G258.93/13] 在馆    
5 0336129   203361290   第一样本阅览室/ [索取号:G258.93/13] 在馆    
欢迎您!
大连网信软件有限公司© 版权所有